000 00649nam a22001937a 4500
999 _c61377
_d61377
005 20240226171950.0
008 240226s2002 enk||||| |||| 00| 0 eng d
020 _a0582749174
041 _aeng
080 _a821.111.1 T-48
100 _aThornley, G.C.
_921300
245 _aAn Outline of English Literature /
_cG.C. Thornley, Gwyneth Roberts.
250 _aNew Edition
264 _aHarlow :
_bLongman,
_c2002.
300 _a216 p.:
_bill.
_c23 cm.
653 _aინგლისური ლიტერატურის მონახაზი
700 _aRoberts, Gwyneth
_eავტორი
_921301
942 _2udc
_cᲬᲘᲒᲜᲘ